000 00980nam a2200277Ia 4500
003 OSt
005 20220923224313.0
006 a|||||r|||| 00| 0
007 ta
008 tam
024 _a230,812
037 _cTextual
040 _aARTS
_cARTS
_btam
041 _2tam
_atam
082 _aO31,1C5w, 152M6
100 _aमहाराजन, ्रएस.; सुन्दरम, एन., अनु.
_9167890
245 0 _aतिरूवळ्ळुवर
246 _aTirūvaḷḷuvara
260 _aनई दिल्ली
_b साहित्य अकादमी
_c1986
300 _a111पृ0
_ccm.
490 _aभारतीय साहित्य के निर्माता
650 _a तमिल साहित्य
650 _aतमिल कविता
942 _hO31,1C5w, 152M6
_cTEXL
_2CC
999 _c370516
_d370516